| 000 | 00404cam a2200181ua 4500 | ||
|---|---|---|---|
| 020 | _c2.50 | ||
| 041 |
_ahin _h |
||
| 082 |
_a891.54 _bNAR/AG |
||
| 100 | _aNarendra, . | ||
| 245 |
_aAgni sasya / _cNarendra. _hTextual Documents |
||
| 250 |
_a1 / _b. |
||
| 260 |
_a : _bBharati Bhandar , _c1958. |
||
| 300 | _a126 ; . | ||
| 365 | _a2.50 | ||
| 504 | _a | ||
| 942 | _cBK | ||
| 999 |
_c8471 _d8471 |
||